La ciudad de las bestias / (Registro nro. 153)
[ vista simple ]
| 000 -LEADER | |
|---|---|
| fixed length control field | 01605nam a22001937a 4500 |
| 003 - CONTROL NUMBER IDENTIFIER | |
| control field | OSt |
| 005 - DATE AND TIME OF LATEST TRANSACTION | |
| control field | 20231215085938.0 |
| 008 - FIXED-LENGTH DATA ELEMENTS--GENERAL INFORMATION | |
| fixed length control field | 231211s2002 ag ||||| |||| 00| f spa d |
| 020 ## - INTERNATIONAL STANDARD BOOK NUMBER | |
| International Standard Book Number | 950072278X |
| 040 ## - CATALOGING SOURCE | |
| Transcribing agency | besoc |
| 100 1# - MAIN ENTRY--PERSONAL NAME | |
| Personal name | Allende, Isabel, |
| Dates associated with a name | (1942-), |
| Relator term | autor |
| 245 13 - TITLE STATEMENT | |
| Title | La ciudad de las bestias / |
| Statement of responsibility, etc. | Isabel Allende |
| 260 ## - PUBLICATION, DISTRIBUTION, ETC. | |
| Place of publication, distribution, etc. | Bueno Aires : |
| Name of publisher, distributor, etc. | Sudamericana, |
| Date of publication, distribution, etc. | 2002 |
| 300 ## - PHYSICAL DESCRIPTION | |
| Extent | 304 p. |
| 500 ## - GENERAL NOTE | |
| General note | La ciudad de las bestias es el primer tomo de la trilogía para jóvenes adultos de Isabel Allende (que incluye El reino del dragón de oro y El bosque de los pigmeos). |
| 520 ## - SUMMARY, ETC. | |
| Summary, etc. | Alexander Cold es un muchacho americano de quince años que parte al Amazonas con su abuela Kate, periodista especializada en viajes. La expedición se interna en la selva en busca de una extraña bestia gigantesca. Junto a su compañera de viaje, Nadia Santos, y un centenario chamán indígena, Alex conocerá un mundo sorprendente y juntos vivirán una gran aventura.<br/>El universo ya conocido de Isabel Allende se amplía en La Ciudad de las bestias con nuevos elementos de realismo mágico, aventura y naturaleza. Los jóvenes protagonistas, Nadia y Alexander, se internan en la inexplorada selva amazónica llevando de la mano al lector en un viaje sin pausa por un territorio misterioso donde se borran los límites entre la realidad y el sueño, donde hombres y dioses se confunden, donde los espíritus andan de la mano con los vivos.<br/>Una aventura fantástica para lectores de todas las edades. [Nota del editor] |
| 650 #4 - SUBJECT ADDED ENTRY--TOPICAL TERM | |
| Topical term or geographic name entry element | Literatura chilena |
| Form subdivision | Novela |
| Chronological subdivision | Siglo XXI |
| General subdivision | Colección juvenil |
| 942 ## - ADDED ENTRY ELEMENTS (KOHA) | |
| Source of classification or shelving scheme | Universal Decimal Classification |
| Koha item type | Obra General |
| Suppress in OPAC | No |
| Withdrawn status | Lost status | Source of classification or shelving scheme | Damaged status | Not for loan | Collection | Home library | Current library | Date acquired | Total checkouts | Full call number | Barcode | Date last seen | Price effective from | Koha item type |
|---|---|---|---|---|---|---|---|---|---|---|---|---|---|---|
| Universal Decimal Classification | Colección General | Biblioteca Escuela de Ciencias Sociales | Biblioteca Escuela de Ciencias Sociales | 15/12/2023 | 82-312.9(83) AL432 | 000942 | 15/12/2023 | 15/12/2023 | Obra General |